000 00265nam a2200121Ia 4500
008 190216s9999||||xx |||||||||||||| ||und||
100 _aKannan K
245 0 _aOperations Research
260 _bAnuradha Agencies
300 _a290
650 _aCommerce
942 _cBK
999 _c7096
_d7096